مكتبة جامعة عجلون الوطنية

فهرس بحث المكتبة

Normal view MARC view
  • تاليف الطرسوسي، نجم الدين ابراهيم علي بن احمد بن عبد الواحد؛ تحقيق اسماعيل، أبي عبدالله محمد حسن محمد حسن

Entry Personal Name

Number of records used in: 1

001 - CONTROL NUMBER

  • control field: 39797

003 - CONTROL NUMBER IDENTIFIER

  • control field: JO-AjAnu

005 - DATE AND TIME OF LATEST TRANSACTION

  • control field: 20230606080621.0

008 - FIXED-LENGTH DATA ELEMENTS

  • fixed length control field: 230606|| aca||aabn | a|a d

040 ## - CATALOGING SOURCE

  • Original cataloging agency: JO-AjAnu
  • Transcribing agency: JO-AjAnu

100 ## - HEADING--PERSONAL NAME

  • Personal name: تاليف الطرسوسي، نجم الدين ابراهيم علي بن احمد بن عبد الواحد؛ تحقيق اسماعيل، أبي عبدالله محمد حسن محمد حسن

670 ## - SOURCE DATA FOUND

  • Source citation: Work cat.: (JO-AjAnu)20406: تاليف الطرسوسي، نجم الدين ابراهيم علي بن احمد بن عبد الواحد؛ تحقيق اسماعيل، أبي عبدالله محمد حسن محمد حسن, author, تحفة الترك فيما يجب أن يكون في الملك